00445nam a2200169 a 450000100060000000300090000600800410001502000140005604000280007008200170009810000220011524500230013726000520016030000090021249000270022165000270024820424CO-ViMGA141112s2004 ck r 000 u spa d a968164789 aCO-ViMGAbspacCO-ViMGA04a823.91 H676g1 aHorowitz, Anthony10aLa granja groosham aMexico : bFondo de cultura económica, c1996 a158p aA la orilla del viento14aNOVELA JUVENIL INGLESA